[Event "Sautron op 14th"]
[Site "Sautron"]
[Date "2014.10.30"]
[Round "7"]
[White "Barbot, Pierre"]
[Black "Neelotpal, Das"]
[Result "1-0"]
[WhiteElo "2440"]
[BlackElo "2424"]
[Annotator "Mueller,Karsten"]
[PlyCount "150"]
[EventDate "2014.10.26"]
[EventType "swiss"]
[EventRounds "9"]
[EventCountry "FRA"]
[SourceTitle "CBM 164"]
[Source "ChessBase"]
[SourceDate "2015.01.15"]
[SourceVersion "1"]
[SourceVersionDate "2015.01.15"]
[SourceQuality "1"]

{[%mdl 32768]} 1. d4 {[%emt 0:00:00]} Nf6 {[%emt 0:02:09]} 2. Nf3 {[%emt 0:00:
34]} e6 {[%emt 0:00:12]} 3. e3 {[%emt 0:00:04]} b6 {[%emt 0:04:03]} 4. Bd3 {
[%emt 0:01:41]} Bb7 {[%emt 0:00:06]} 5. O-O {[%emt 0:00:05]} Be7 {[%emt 0:01:
50]} 6. b3 {[%emt 0:00:38]} O-O {[%emt 0:00:57]} 7. Bb2 {[%emt 0:00:19]} c5 {
[%emt 0:00:13]} 8. c4 {[%emt 0:00:06]} cxd4 {[%emt 0:01:19]} 9. exd4 {[%emt 0:
00:04]} d5 {[%emt 0:00:04]} 10. Qe2 {[%emt 0:01:07]} Nc6 {[%emt 0:00:40]} 11.
Nbd2 {[%emt 0:00:15]} Re8 {[%emt 0:03:15]} 12. Rac1 {[%emt 0:01:38]} Bf8 {
[%emt 0:00:14]} 13. Rfd1 {[%emt 0:00:06]} Rc8 {[%emt 0:11:49]} 14. a3 {[%emt 0:
07:03]} (14. g3 g6 15. Ne5 dxc4 16. bxc4 Bg7 17. Bc2 Nd7 18. Ba4 Qc7 19. f4 Ba8
20. Ne4 f5 21. Ng5 Ncxe5 22. fxe5 Qb7 23. d5 exd5 24. cxd5 Rxc1 25. Rxc1 Bxe5
26. Bc6 Qb8 27. Ne6 Bxc6 28. dxc6 Nc5 29. Bxe5 Rxe6 30. Bxb8 Rxe2 31. Bxa7 Ne6
32. Bxb6 Rxa2 33. c7 Nxc7 34. Rxc7 Ra4 35. Be3 h5 36. h4 {1-0 (36) Fedoseev,V 
(2641)-Bacrot,E (2739) Yerevan 2014}) 14... Ba6 {[%emt 0:16:07]} 15. Ne5 {
[%emt 0:09:27]} dxc4 {[%emt 0:03:43]} 16. Ndxc4 {[%emt 0:05:23]} Bb7 {[%emt 0:
01:25]} 17. Nf3 {[%emt 0:13:31]} Nd5 {[%emt 0:07:32]} 18. Qd2 $146 {[%emt 0:05:
26]} (18. Bb1 g6 19. g3 Bh6 20. Ncd2 Nf6 21. Rc3 Bg7 22. Rcc1 Qd5 23. Bd3 Na5
24. b4 Nb3 25. Nxb3 Qxb3 26. Ne5 Qd5 27. f3 Qd6 28. Bb5 Red8 29. Ba6 Rxc1 30.
Rxc1 Ba8 31. Bc4 Rc8 32. Nxf7 Kxf7 33. Bxe6+ Qxe6 34. Qxe6+ Kxe6 35. Rxc8 Bxf3
36. Rc7 Bf8 37. Rxa7 Nd7 38. Bc3 Bd6 39. b5 Bb8 40. Ra4 Be2 41. Rb4 Bd6 42. Rb2
Bd1 43. d5+ Ke7 44. Rb1 Bc5+ 45. Kg2 Bc2 46. Rb2 Be4+ 47. Kh3 Bxd5 {Popovic,N 
(2268)-Ostojic,N (2414) Belgrade 2007 1/2-1/2}) 18... Re7 {[%emt 0:03:49]} 19.
b4 {[%emt 0:02:55]} Rec7 {[%emt 0:01:40]} 20. b5 {[%emt 0:05:30]} Nce7 {
[%emt 0:00:34]} 21. Ng5 {[%emt 0:02:48]} Ng6 {[%emt 0:04:31]} 22. g3 {[%emt 0:
03:37]} Be7 {[%emt 0:06:29]} 23. h4 {[%emt 0:02:27]} Nf8 {[%emt 0:06:14]} 24.
Re1 {[%emt 0:10:21]} h6 {[%emt 0:01:02]} 25. Nh3 {[%emt 0:02:06]} a6 {[%emt 0:
07:27]} 26. bxa6 {[%emt 0:03:07]} Bxa6 {[%emt 0:00:17]} 27. Ne5 {[%emt 0:00:06]
} Bxd3 {[%emt 0:00:31]} 28. Nxd3 {[%emt 0:02:33]} Nd7 {[%emt 0:02:34]} 29. Nhf4
{[%emt 0:00:50]} N7f6 {[%emt 0:00:05]} 30. Nxd5 {[%emt 0:02:12]} Nxd5 {[%emt 0:
00:18]} 31. Rxc7 {[%emt 0:00:06]} Rxc7 {[%emt 0:00:35]} 32. Rc1 {[%emt 0:00:02]
} Bd6 {[%emt 0:00:11]} 33. Qd1 {[%emt 0:03:09]} Qa8 {[%emt 0:03:27]} 34. Rxc7 {
[%emt 0:00:53]} Nxc7 {[%emt 0:00:34]} 35. Qb3 {[%emt 0:00:35]} b5 {[%emt 0:01:
39]} 36. Bc1 {[%emt 0:03:59]} Qe4 {[%emt 0:02:15]} 37. Bb2 {[%emt 0:00:06]} h5
{[%emt 0:03:19]} 38. Nc1 {[%emt 0:03:31]} Qc6 {[%emt 0:01:12]} 39. Ne2 {
[%emt 0:01:26]} Nd5 {[%emt 0:01:19]} 40. Bc1 {[%emt 0:00:00]} g6 {[%emt 0:00:
00]} 41. Bb2 {[%emt 0:05:24]} Kf8 {[%emt 0:01:59]} 42. Nc3 {[%emt 0:02:05]} Nc7
{[%emt 0:06:45]} 43. Nd1 {[%emt 0:03:28]} Ke8 {[%emt 0:01:31]} 44. Ne3 {
[%emt 0:01:20]} Kd7 {[%emt 0:01:47]} 45. Bc3 {[%emt 0:00:51]} Nd5 {[%emt 0:02:
04]} 46. Nxd5 {[%emt 0:01:14]} Qxd5 {[%emt 0:00:36]} 47. Qb2 {[%emt 0:09:06]}
Qc4 {[%emt 0:04:04]} 48. Bd2 {[%emt 0:00:09]} Kc6 {[%emt 0:00:44]} 49. Bc1 {
[%emt 0:03:43]} Qd3 {[%emt 0:03:07]} 50. Kg2 {[%emt 0:00:37]} Qe4+ {[%emt 0:02:
31]} 51. Kg1 {[%emt 0:01:59]} Qd3 {[%emt 0:01:17]} 52. Kg2 {[%emt 0:00:01]} Be7
{[%emt 0:01:19]} 53. Kg1 {[%emt 0:00:25]} Kd5 {[%emt 0:03:48]} 54. Kg2 {
[%emt 0:03:23]} Kc4 {[%emt 0:01:26]} 55. Kg1 {[%emt 0:01:08]} Bxa3 {[%emt 0:06:
08]} 56. Qxa3 {[%emt 0:03:10]} Qxa3 {[%emt 0:00:11]} 57. Bxa3 b4 {[%emt 0:01:
37]} 58. Bb2 {[%emt 0:01:14]} Kb3 {[%emt 0:00:32]} 59. d5 {[%emt 0:00:01]} exd5
{[%emt 0:00:09]} 60. Bf6 {[%emt 0:00:31]} Kc2 {[%emt 0:00:39]} 61. Kf1 {
[%emt 0:00:21]} b3 {[%emt 0:00:05]} 62. Ke2 {[%emt 0:00:04]} b2 {[%emt 0:00:21]
} 63. Bxb2 {[%emt 0:00:03]} Kxb2 {[%emt 0:00:02]} 64. Kd2 {[%emt 0:00:11]} Kb1
{[%emt 0:02:17]} 65. f3 {[%emt 0:01:29]} Kb2 {[%emt 0:00:38]} {[%tqu "En","How
would you evaluate this position with White to move?","It is a pawn move.","",
"g3g4","White wins.",3,"De","Wie ist die Lage mit Weiß am Zug zu bewerten?",
"Es ist ein Bauernzug.","","g3g4","Weiß gewinnt",3] A king which is out of the
game In the endgame the king is an important piece which should be activated: 
Ein König im Abseits Der König ist im Endspiel eine wichtige Figur, die aktiv
genutzt werden sollte:} 66. g4 $1 {[%emt 0:00:07] The black king is out of the
game. Der schwarze König steht im Abseits.} Kb1 {[%emt 0:00:56]} (66... f5 67.
gxh5 gxh5 68. f4 Kb1 69. Kd3 Kc1 70. Kd4 Kd2 71. Kxd5 Ke3 72. Ke5 $18) (66...
f6 67. gxh5 gxh5 68. f4 f5 69. Kd3 Kc1 70. Kd4 Kd2 71. Kxd5 Ke3 72. Ke5 $18) (
66... hxg4 67. fxg4 f5 68. gxf5 gxf5 69. h5 $18) (66... Kb3 67. Kd3 Kb4 68. Kd4
$18) 67. g5 {[%emt 0:02:50]} Kb2 {[%emt 0:00:21]} 68. f4 {[%emt 0:00:05]} Kb1 {
[%emt 0:00:26]} 69. Kd3 {[%emt 0:00:32]} Kc1 {[%emt 0:00:03]} 70. Kd4 {[%emt 0:
00:02]} Kd2 {[%emt 0:00:05]} 71. Kxd5 {[%emt 0:00:04]} Ke3 {[%emt 0:00:01]} 72.
Ke5 {[%emt 0:00:05]} (72. Kd6 Kxf4 73. Ke7 Kg4 74. Kxf7 Kxh4 75. Kxg6 Kg4 76.
Kf6 $18) 72... Kf3 {[%emt 0:00:31]} 73. Kf6 $1 {[%emt 0:00:04]} (73. f5 $2 gxf5
74. Kf6 f4 75. Kxf7 Ke4 $11) 73... Kg4 {[%emt 0:02:06]} (73... Kxf4 74. Kxf7
Kf5 75. Kg7 Kg4 76. Kxg6 Kxh4 77. Kf5 $18) 74. Kxf7 {[%emt 0:00:25]} Kxh4 {
[%emt 0:00:03]} 75. Kxg6 {[%emt 0:00:52]} Kg4 (75... Kg4 76. Kf6 h4 77. g6 h3
78. g7 h2 79. g8=Q+ $18) 1-0

[Event "Szolnok Mezogep op"]
[Site "Szolnok"]
[Date "1987.06.30"]
[Round "9"]
[White "Karner, Hillar"]
[Black "Madl, Ildiko"]
[Result "1-0"]
[WhiteElo "2390"]
[BlackElo "2380"]
[Annotator "Neukirch,D"]
[PlyCount "47"]
[EventDate "1987.06.22"]
[EventType "swiss"]
[EventRounds "11"]
[EventCountry "HUN"]
[SourceTitle "EXT 2017"]
[Source "ChessBase"]
[SourceDate "2016.10.25"]
[SourceVersion "1"]
[SourceVersionDate "2016.10.25"]
[SourceQuality "1"]

{SCHACH 10/1987 Seite 18} 1. d4 Nf6 2. Nf3 e6 3. c4 Bb4+ 4. Nbd2 b6 5. e3 Bb7
6. Bd3 Bxd2+ $6 (6... O-O 7. O-O d5 8. a3 Bxd2 9. Bxd2 $11) (6... c5 7. a3 $1
Bxd2+ 8. Bxd2 O-O 9. Bc3 $1 $146 (9. O-O Ne4 10. Be1 $14) 9... Ne4 $6 10. Bxe4
$1 Bxe4 11. dxc5 bxc5 12. Qd6 $1 $14 {Gheorghiu,F-Tarjan,J/Lone Pine 1979 -27/
567}) 7. Nxd2 $1 d6 $6 (7... Bxg2 8. Rg1 Bb7 9. Rxg7 $14) (7... d5 8. O-O O-O
9. b3 c5 10. dxc5 bxc5 11. Bb2 $14 {Hamann,S-Pomar Salamanca,A/Skopje olm 1972}
) 8. b3 c5 9. O-O O-O 10. Bb2 Nc6 11. a3 cxd4 12. exd4 d5 13. Nf3 Rc8 14. Rc1
dxc4 15. bxc4 Na5 16. Re1 Rc7 17. Ne5 Qa8 18. Re3 $1 b5 ({Schwarz hatte keine
Zeit zu} 18... Bxg2 {da nach} 19. Rg3 Bb7 20. d5 $1 {der weiße Angriff schnell
durchdringt. Auch mit dem Textzug kommt die Junioren-Weltmeisterin des Jahres
1984 zu spät.}) 19. d5 $1 bxc4 {[#]} 20. Nd7 $1 {Dieser starke Zug
zerschmettert die schwarze Stellung.} Rxd7 ({Falls} 20... Nxd7 {so folgt nach
klassischem Muster} 21. Bxh7+ $1 Kxh7 22. Qh5+ Kg8 23. Bxg7 $1 ({Fritz13:} 23.
Rh3 $1 f6 24. dxe6 Bxg2 25. Qh8#)) 21. Bxf6 cxd3 22. Rg3 $1 ({Ungenau wäre} 22.
Qg4 g6 23. Qg5 Rc8 $1 {,und Schwarz könnte sich verteidigen.}) 22... Rc8 ({Auf
} 22... g6 {geschieht jetzt} 23. Qh5 $1 {/\ Qxh7+ nebst Rh3+ und #}) 23. Rxg7+
Kf8 24. Rg8+ $1 (24. Rxh7 $1) 1-0

[Event "Moscow-ch op"]
[Site "Moscow"]
[Date "1995.??.??"]
[Round "2"]
[White "Notkin, Maksim"]
[Black "Dvalishvili, Pavel S"]
[Result "1-0"]
[WhiteElo "2520"]
[BlackElo "2360"]
[Annotator "Notkin,M"]
[PlyCount "41"]
[EventDate "1995.??.??"]
[EventType "swiss"]
[EventRounds "11"]
[EventCountry "RUS"]
[SourceTitle "EXT 1997"]
[Source "ChessBase"]
[SourceDate "1996.11.15"]
[SourceVersion "1"]
[SourceVersionDate "1996.11.15"]
[SourceQuality "1"]

1. d4 Nf6 2. c4 e6 3. Nf3 b6 4. e3 Bb7 5. Bd3 Bb4+ 6. Nbd2 c5 7. a3 Bxd2+ 8.
Bxd2 Ne4 9. Bxe4 Bxe4 10. Bc3 d5 (10... O-O $2 11. dxc5 bxc5 12. Qd6 Bxf3 13.
gxf3 Qb6 14. Qe7 Nc6 15. Qf6 $1 e5 16. Rg1 g6 17. O-O-O $18 {Piskov,Y-Savon,V/
Simferopol/1992/1:0/30/}) (10... f6 11. Nd2 Bg6 12. dxc5 bxc5 13. h4 h5 $8 14.
Qf3 Nc6 15. Ne4 Qe7 16. Rd1 O-O 17. Nd6 $14 {Petrosian,A-Chernin,A/Palma de
Mallorca/1989/0,5/26/}) 11. dxc5 bxc5 12. Nd2 Bxg2 (12... Bg6 13. Bxg7 $16) (
12... O-O 13. Nxe4 dxe4 14. Qg4) (12... Bf5 13. cxd5 exd5 (13... Qxd5 $2 14. e4
$18) 14. Qf3 $16) 13. Qa4+ $1 (13. Rg1 d4 14. exd4 cxd4 15. Bb4 a5 $13) 13...
Kf8 (13... Qd7 14. Qxd7+ Nxd7 15. Rg1 $16) 14. Rg1 (14. Bxg7+ $2 Kxg7 15. Rg1
Qg5 {/\Rg8,Kh8/}) 14... d4 15. exd4 Bc6 (15... cxd4 $4 16. Bb4+ $18) 16. Qd1 $1
cxd4 17. Bb4+ Kg8 $2 (17... Ke8 18. Qg4 $1 Qf6 19. O-O-O $16) 18. Rxg7+ $1 Kxg7
19. Qg4+ Kf6 (19... Kh6 20. Ne4 {/\Bd2/}) 20. Qh4+ Kf5 (20... Kg7 21. Be7 $18
Qa5 22. O-O-O) 21. Be7 $1 (21. Be7 Qg8 22. Qh5+ Kf4 23. Bd6+ e5 24. Bxe5#) 1-0

[Event "Corus"]
[Site "Wijk aan Zee"]
[Date "2002.01.17"]
[Round "5"]
[White "Bareev, Evgeny"]
[Black "Leko, Peter"]
[Result "1-0"]
[WhiteElo "2707"]
[BlackElo "2713"]
[Annotator "Oratovsky,M"]
[PlyCount "81"]
[EventDate "2002.01.12"]
[EventType "tourn"]
[EventRounds "13"]
[EventCountry "NED"]
[EventCategory "18"]
[SourceTitle "CBM 087"]
[Source "ChessBase"]
[SourceDate "2002.03.21"]
[SourceVersion "1"]
[SourceVersionDate "2002.03.21"]
[SourceQuality "1"]

1. d4 {[%mdl 8208]} Nf6 2. c4 e6 3. Nf3 b6 4. e3 Bb7 5. Bd3 d5 6. b3 Nbd7 7.
O-O Bd6 8. Nc3 O-O 9. Bb2 c5 (9... a6 {another theoretical move.}) (9... dxc4
10. bxc4 c5 11. Qe2 $14) (9... Ne4 10. cxd5 exd5 11. Qc2 Nxc3 12. Bxc3 Nf6 13.
Rfd1 Qe7 14. b4 $5 Ne4 15. Be1 c6 16. Qb2 a6 17. Rac1 Rac8 18. a4 $14 {
Averbah-Furman 1955.}) 10. cxd5 exd5 {the best capture.} 11. Rc1 (11. Qe2 $5 {
Best place for the queen,controling f1-a6 diagonal with possible exchange of
lightsquare bishops and leaving "c" and "d" files for the rooks.} a6 (11... Re8
12. Ba6 (12. Rfd1 $5) 12... Qc8 13. Bxb7 Qxb7 14. Rfd1 Rac8 15. Rac1 $14 {
[%csl Rd5]}) (11... Qe7 12. Ba6 $5 (12. Rfd1 Rad8 13. Rac1 Ne4 14. dxc5 Ndxc5 (
14... Nxc3 $5 $13 {[%cal Gb6c5]}) 15. Bb1 a6 16. Nd4 f5 17. g3 $14 {Dizdar,
G-Grosar,A/Solin 1994/1/2-1/2(39)}) 12... Bc6 (12... Bxa6 13. Qxa6 $14 {
[%csl Rd5]}) 13. Nb5 $1 Bb8 14. Rac1 $14) 12. Rfd1 (12. Bf5 $5 {[%cal Gf5c8]}
Re8 13. Rfd1 b5 14. dxc5 Nxc5 15. Rac1 Qe7 16. Qe1 Rad8 17. Ne2 Nfe4 18. Nf4 g6
19. Bh3 f5 20. Nd3 Ne6 21. Bd4 Ba3 22. Rc2 Rc8 $11 {San Segundo,P-Spraggett,K/
Ponferrada 1997}) 12... Re8 (12... b5 13. dxc5 Nxc5 14. Rac1 Re8 15. Bc2 Rc8
16. Bf5 Rc7 17. Qe1 $1 b4 18. Ne2 Nce4 19. Rxc7 Qxc7 20. Rc1 Qd8 21. Qd1 $14 {
Ivanchuk-Gelfand 1996}) (12... Ne4 13. Bxe4 $1 dxe4 14. Nd2 $1 Qe7 15. Nc4 $14)
13. Rac1 (13. Bf5 $142) 13... Ne4 14. h3 Ndf6 15. Ne5 cxd4 16. exd4 Nxc3 17.
Bxc3 Ne4 18. Bb2 b5 19. Bxe4 dxe4 $11 {0-1 Pushkov,N-Moizhess,I/RUS-ch Orel
1992 (33)}) 11... Re8 (11... Qe7 $6 12. Nb5 Bb8 13. Bf5 a6 (13... Rd8 $5 14.
Qc2 a6 15. Nc3 $14) 14. Nc3 Bd6 $2 (14... Rd8 $142) 15. Bxd7 $1 $16 Nxd7 (15...
Qxd7 16. Na4 $16 {[%csl Rb6,Rc5]}) 16. dxc5 bxc5 17. Nxd5 Qe6 18. Nf4 $1 $16 {
Zapata-Granda Zuniga}) 12. Bf5 Qe7 (12... Ne4 $5 {Danner,G-Sokolov,A/Ostrava
1994}) 13. Qc2 Ne4 14. Rfd1 Rad8 $2 {inaccuracy.After this move white gets
very comfortable position by force} ({normal was} 14... Ndf6 {with about equal
chances}) 15. dxc5 Ndxc5 16. b4 $1 Na6 $8 17. a3 $16 {[%csl Ra6,Gc5]} Nc7 18.
Nd4 g6 19. Nxe4 {in my opinion after simple} (19. Bh3 Be5 20. Nf3 Bg7 21. Ne2
$14) 19... dxe4 20. g3 Nd5 ({losihg} 20... gxf5 21. Nxf5 Qe6 22. Nxd6 Rxd6 23.
Qxc7 $18) 21. Bh3 Be5 22. b5 {[%csl Gc6]} Qg5 23. Qb3 $6 (23. Nc6 $142 Bxc6 24.
bxc6 {[%csl Gc6][%cal Gc6c7]} Bxb2 25. Qxb2 Nc7 26. Rd7 $16) 23... Nf6 24. Qa4
Qh5 25. Kg2 $2 (25. Bg2 Bd5 26. Rd2 $1 $14 {[%cal Ga4d1,Gc1d1]} (26. Qxa7 $4
Ra8 27. Qxb6 Nd7 $1 {[%csl Rb6] and queen is trapped!})) 25... Bc8 $6 ({
after simple} 25... g5 $1 $17 {[%cal Gg5g4] even my friend Fritz7 couldn't
find any good defense for white!} 26. Qxa7 Bd5) 26. Bxc8 Rxc8 27. h3 Qg5 $2 {
Savely Tartakover told,that "loses one,who makes a blunder last!"} (27... Rc5
$142 $1 {with unclear position}) 28. Rxc8 Rxc8 29. Nc6 $18 {now white wins
exchange.Rest of the game is matter of technique.} Bxb2 30. Ne7+ Kg7 31. Nxc8
Qf5 32. Nd6 Qf3+ 33. Kg1 Be5 34. Qc2 h5 ({doesn't work} 34... Bxg3 35. fxg3
Qxg3+ 36. Qg2 Qxe3+ 37. Kh1 $18 {[%cal Gd6f5]}) 35. h4 Qg4 36. Kg2 Qf3+ 37. Kg1
Qg4 38. Qb3 $18 {[%csl Rf7]} Bxg3 39. Qxf7+ Kh6 40. Qf8+ Kh7 41. Qe7+ 1-0

[Event "Cappelle op 34th"]
[Site "Cappelle la Grande"]
[Date "2018.03.05"]
[Round "4.7"]
[White "Payen, Arnaud"]
[Black "Sochacki, Christophe"]
[Result "1-0"]
[WhiteElo "2360"]
[BlackElo "2465"]
[Annotator "Payen,A"]
[PlyCount "111"]
[EventDate "2018.03.03"]
[EventType "swiss"]
[EventRounds "9"]
[EventCountry "FRA"]
[SourceTitle "EXT 2019"]
[Source "ChessBase"]
[SourceDate "2018.10.10"]
[SourceVersion "1"]
[SourceVersionDate "2018.10.10"]
[SourceQuality "1"]

1. d4 Nf6 2. c4 e6 3. Nf3 b6 4. e3 Bb7 5. Bd3 Bb4+ 6. Bd2 Bxd2+ 7. Nbxd2 c5 8.
dxc5 (8. e4 d6 9. d5 e5 10. O-O Bc8 11. Ne1 O-O 12. Be2 Re8 13. Nd3 Nbd7 14. a3
Nf8 15. b4 Ng6 16. g3 Bh3 17. Re1 h6 18. Bf1 Bg4 19. f3 Bd7 20. Qe2 Nh7 21. Bg2
f5 22. exf5 Bxf5 23. Ne4 Nf6 24. Rab1 Nf8 {1/2-1/2 (24) Kurajica,B (2555)
-Romanishin,O (2542) Solin 2006}) 8... bxc5 9. O-O O-O 10. Rc1 d6 $146 {
[%csl Ge5]} (10... Nc6 11. Bb1 d6 12. Ng5 Qe7 13. Nde4 Nxe4 14. Nxe4 f5 15. Ng3
Rad8 16. Qd2 Ne5 17. f4 Ng4 18. h3 Qh4 19. hxg4 Qxg3 20. gxf5 exf5 21. Qf2 Qg6
22. Bd3 Rde8 23. Rfe1 Rf6 24. Rc3 Rfe6 25. Bc2 Qh6 26. Bd1 Bxg2 27. Qxg2 Rg6
28. Bf3 Rxg2+ 29. Kxg2 Rb8 30. Rc2 g5 31. fxg5 Qxg5+ 32. Kf2 Kh8 33. Rg1 Qh4+
34. Ke2 Re8 35. Bd5 Rxe3+ 36. Kd1 Rg3 37. Rh1 Rh3 38. Re1 Rd3+ 39. Rd2 Rxd2+
40. Kxd2 {Hendrikse,A (1795)-Kollen,Z (2128) Haarlem 2012 0-1}) 11. Ng5 Nc6 12.
Nde4 Nxe4 13. Nxe4 f5 14. Ng3 Rb8 15. Be2 g5 16. Rc3 Qe7 17. f4 Ba8 18. b3 Rb6
(18... Kh8 {La suite idiote sauvegardée par le platreau dgt et donnée par
TWIC} 19. Qa1 Bb7 20. Rf2 a5 21. a4 Kg7 22. Bf3 g4 23. h3 Kf6 24. Re2 Kf7 25.
Rb2 d5 {1-0 (25) Payen,A (2360)-Sochacki,C (2465) Cappelle-la-Grande 2018}) 19.
e4 g4 20. Re3 Nd4 21. Bd3 Qg7 22. exf5 exf5 {[#]} 23. Nxf5 $1 Nxf5 24. Bxf5 Bf3
(24... Rxf5 25. Re8+ Rf8 26. Rxa8 Rxa8 27. Qd5+) 25. Be6+ Kh8 26. Qa1 {En
sécurité.} (26. gxf3 gxf3+ 27. Kf2 Qg2+ 28. Ke1 Rxf4 29. Qd2 (29. Qa1+ Rd4)
29... f2+ 30. Ke2 Rd4 31. Qc2 $18) 26... Qxa1 27. Rxa1 Bb7 28. Rf1 Ra6 29. Rf2
Re8 30. Rfe2 Ra3 31. Bxg4 Rxe3 32. Rxe3 Bc6 33. Re2 a5 34. Kf2 a4 35. Rb2 Kg7
36. Bf3 Bd7 37. g4 h5 38. h3 h4 39. Be4 Kf6 40. g5+ Ke6 41. Re2 Kf7 42. f5 axb3
43. axb3 Rxb3 44. Re3 Rb2+ 45. Kf3 Kf8 46. Kg4 Rf2 47. Rf3 Re2 48. Rf4 Rd2 49.
Bd5 Rd4 50. Rxd4 cxd4 51. Be4 d5 52. Bd3 dxc4 53. Bxc4 Ke7 54. Bd3 Kd6 55. Kxh4
Kc5 56. g6 1-0

[Event "SUI-chT"]
[Site "Switzerland"]
[Date "2005.05.22"]
[Round "4"]
[White "Pelletier, Yannick"]
[Black "Prusikin, Michael"]
[Result "1-0"]
[WhiteElo "2610"]
[BlackElo "2540"]
[Annotator "Pelletier,Y"]
[PlyCount "91"]
[EventDate "2005.02.27"]
[EventType "team-tourn"]
[EventRounds "9"]
[EventCountry "SUI"]
[SourceTitle "CBM 109"]
[Source "ChessBase"]
[SourceDate "2005.11.14"]
[SourceVersion "1"]
[SourceVersionDate "2005.11.14"]
[SourceQuality "1"]
[WhiteTeam "Biel"]
[BlackTeam "Wollishofen"]
[WhiteTeamCountry "SUI"]
[BlackTeamCountry "SUI"]

1. Nf3 Nf6 2. c4 e6 3. Nc3 d5 4. d4 c5 5. cxd5 Nxd5 6. e3 Nc6 7. Bd3 Be7 8. O-O
O-O 9. Qe2 b6 {Schwarz beeilt sich nicht mit cxd4, um dem Bc1 den Weg nicht
aufzumachen.} 10. Rd1 cxd4 (10... Bb7 11. dxc5 Bxc5 12. Nxd5 exd5 13. Bd2 Qe7
14. Bc3 Rfe8 15. Ba6 Rad8 16. Bxb7 Qxb7 17. Qc2 $14 {Szabo-Donner, Amsterdam
1973}) 11. Nxd5 (11. exd4 Bb7 12. Nxd5 (12. Qe4) (12. Ne4 Nf6) 12... exd5 $11)
11... Qxd5 (11... exd5 12. Bb5 Qd6 13. Bxc6 Qxc6 14. Nxd4 $14) 12. exd4 Bb7 13.
Be4 Qd6 ({Auch nach 13...Qd7 oder sogar 13...Qh5 gleicht Schwarz bei
sorgfältigem Spiel aus, z.B:} 13... Qd7 14. Bf4 (14. d5 exd5 15. Bxd5 (15. Rxd5
Qe6) 15... Nd4 16. Rxd4 Bxd5 17. Qd3 Rad8 18. Bg5 f6 19. Rd1 $11) 14... Rfd8
15. Ne5 Nxe5 16. dxe5 Qc7 17. Rac1 Rxd1+ 18. Qxd1 Bc5 19. Qf3 Bxe4 20. Qxe4 Rd8
21. h4 $11) ({oder} 13... Qh5 14. Bf4 (14. d5 Ne5 15. d6 (15. dxe6 Bxe4 16.
Qxe4 Nxf3+ 17. gxf3 f5) (15. Bf4 f5 $1) 15... Bxe4 16. Qxe4 Bf6 17. Bf4 Nxf3+
18. Qxf3 Qxf3 19. gxf3 Rfd8 (19... Bxb2 20. Rab1 $44)) 14... Rfd8 15. Rac1 Rac8
(15... Nxd4 $2 16. Rxd4) 16. h3 $13) 14. d5 Nb4 $6 ({Mihailo übersah meine
Antwort, sonst hätte er die Alternative} 14... exd5 15. Bxd5 Nd4 $1 {
gründlicher untersucht. Nach} 16. Rxd4 Bxd5 17. Qd3 Rad8 18. Bg5 f6 19. Bf4 Qc5
20. Rc1 Qa5 21. Bc7 Bxf3 22. Bxd8 Qg5 23. Qxf3 Qxc1+ 24. Rd1 Qc5 25. Bxe7 Qxe7
{gibt es nicht viel mehr zu kommentieren.}) 15. Bg5 Rfe8 (15... Rae8 16. Bxe7
Rxe7 17. dxe6 Qxe6 18. Ng5 Qg6 (18... Qf6 19. Bxh7+ Kh8 20. Qg4 $36) 19. Bxg6
Rxe2 20. Bxh7+ Kh8 21. Bf5 $14) 16. Bxe7 Rxe7 17. dxe6 Qxe6 18. Bxh7+ (18. Ng5
Qf6 19. Bxh7+ Kf8 $36) 18... Kf8 19. Qxe6 Rxe6 20. Bf5 $6 ({Schwarz hat "nur"
den Bauern h7 verloren. Seine aktiven Figuren versprechen ihm aber genug
Remischancen. Der Textzug ist ungenau. Besser war} 20. a3 Bxf3 21. gxf3 Nc6 (
21... g6 22. axb4 Kg7 23. Rd7 Rf6 (23... a5 24. Ra4 $1) 24. Bxg6 Rxg6+ 25. Kf1
Rh6 26. Raxa7 Rxa7 27. Rxa7 Rxh2 28. Rb7 Rh6 29. Ke2 $16) 22. Bf5 Rf6 23. Be4
Re8 24. Rac1 Ne5 25. Kg2 g5 {[%csl Gf4]} 26. Rc7 a5 27. b4 axb4 28. axb4 Ng6
29. Bxg6 Rxg6 30. Rdd7 Rf6 31. Rd5 Rg6 32. f4 gxf4+ 33. Kf3 $14 {, auch wenn
Schwarz hier nicht verlieren sollte.}) 20... Re2 (20... Bxf3 21. gxf3 Re5 22.
Be4 {[%csl Rb4]}) 21. a3 Nd5 22. Rd2 Nf4 $2 (22... Rae8 $142 $44) 23. Rd4 $1
Bxf3 24. Rxf4 Bd5 25. b4 {Ohne Springer ist der weiße Vorteil deutlich.} Rae8
26. h4 R8e5 27. Rc1 Re1+ 28. Rxe1 Rxe1+ 29. Kh2 Ke7 30. Rd4 Kd6 31. Rd3 Ke5 32.
Bg4 (32. f4+ $5 Kxf5 33. Rxd5+ Ke6 34. Rd3 $16) 32... Ra1 33. Bf3 Bc4 34. Re3+
Kd4 35. h5 Be6 $138 (35... Bd3 36. Re7) 36. g4 a5 37. bxa5 bxa5 38. g5 Ra2 39.
Kg3 Rb2 40. h6 $138 (40. Re4+ $142 $18) 40... gxh6 41. gxh6 Bf5 42. Re7 Bg6 43.
Rd7+ (43. Re8 Rb3) 43... Ke5 ({Eine hübsche Variante:} 43... Kc3 44. Rd5 a4 45.
Ra5 Kb3 $140 46. Bd1+ Kxa3 $2 47. Rxa4#) (43... Kc4 44. Bd5+) 44. Rd5+ Kf6 45.
Rxa5 Bd3 46. Bd5 1-0

[Event "Stara Zagora zt-B"]
[Site "Stara Zagora"]
[Date "1990.??.??"]
[Round "2"]
[White "Polgar, Zsuzsa"]
[Black "Hracek, Zbynek"]
[Result "1-0"]
[WhiteElo "2500"]
[BlackElo "2390"]
[Annotator "Polgar,Zsu"]
[PlyCount "33"]
[EventDate "1990.02.??"]
[EventType "tourn"]
[EventRounds "13"]
[EventCountry "BUL"]
[EventCategory "10"]
[SourceTitle "CBM 017"]
[Source "ChessBase"]
[SourceDate "1990.08.01"]
[SourceVersion "1"]
[SourceVersionDate "1990.08.01"]
[SourceQuality "1"]

1. d4 Nf6 2. Nf3 e6 3. e3 b6 4. Bd3 Bb7 5. O-O c5 6. c4 Be7 7. Nc3 cxd4 (7...
O-O $2 8. d5 $1 exd5 9. cxd5 Nxd5 10. Nxd5 Bxd5 11. Bxh7+ Kxh7 12. Qxd5 $16) 8.
exd4 d6 (8... d5 9. cxd5 Nxd5 10. Ne5 O-O 11. Qg4 Nf6 12. Qg3 $36 {
Dizdar-Hansen,LB/Berlin op/1988/ -> TD 1988/4 Inf 46/708/}) 9. d5 (9. Re1 O-O
10. a3 Nbd7 11. b4 Re8 12. Bb2 Bf8 13. d5 e5 14. Nd2 g6 15. a4 $14 {Polgar,
Zsu-Arnason/EU-Cup/Budapest/1989/}) 9... e5 10. Ng5 {[]h4!?} Nbd7 (10... O-O
11. f4 exf4 $2 {11...[]bd7} 12. Bxf4 Nbd7 13. Qf3 Re8 14. Qh3 Nf8 15. Rae1 a6
16. Bd2 Qc8 17. Qh4 h6 18. Nxf7 $1 Kxf7 19. Bxh6 $1 gxh6 20. Rxe7+ $1 {Hoi,
C-Nielsen,U/Gausdal/1990/}) 11. f4 g6 $2 {11...0-0} 12. f5 h6 (12... O-O 13.
fxg6 hxg6 14. Qe1 { 1/4e1-h4 >>}) 13. Ne6 $1 fxe6 $2 (13... Qc8 $1 14. Qa4 {
 15.fxg6 +-} g5 15. Nb5 fxe6 16. fxe6 Nc5 17. Nxd6+ Kd8 (17... Kf8 18. Nxc8
Nxa4 19. Nxe7 Kxe7 20. Bc2 Nc5 21. b4 Na6 (21... Nce4 $2 22. Bxe4 Nxe4 23. Rf7+
$18) (21... Nxe6 22. dxe6 Kxe6 23. Bb2 $16) 22. a3 Rac8 23. Bb3 { 24.>>b2})
18. Nf7+ Kc7 19. Qc2 {~/>>}) 14. fxe6 Nf8 (14... Nc5 15. Bxg6+ Kf8 16. b4 Na6
17. Ne4 $18 {+- <=>}) 15. Qa4+ N6d7 16. c5 $1 Bc8 (16... bxc5 17. exd7+ Qxd7 (
17... Nxd7 18. Bxg6#) 18. Bb5) 17. exd7+ (17. exd7+ Bxd7 18. c6 Bf5 19. c7+ Qd7
20. Bb5 $18) 1-0